Normal view
MARC view
- اللغة والأدب - مراجع - تحليل ونقد
Entry Topical Term
001 - CONTROL NUMBER
- control field: 34822
003 - CONTROL NUMBER IDENTIFIER
- control field: JO-AjAnu
005 - DATE AND TIME OF LATEST TRANSACTION
- control field: 20230606075829.0
008 - FIXED-LENGTH DATA ELEMENTS
- fixed length control field: 230606|| aca||aabn | a|a d
040 ## - CATALOGING SOURCE
- Original cataloging agency: JO-AjAnu
- Transcribing agency: JO-AjAnu
150 ## - HEADING--TOPICAL TERM
- Topical term or geographic name entry element: اللغة والأدب - مراجع - تحليل ونقد
670 ## - SOURCE DATA FOUND
- Source citation: Work cat.: (JO-AjAnu)17883: السامرائي، إبراهيم, author 34821, مع المصادر في اللغة والأدب " نقد لمراجع اللغة والأدب "، الجزء الثاني